Places of delight : the pastoral landscape /

Bibliographic Details
Main Author: Cafritz, Robert
Corporate Authors: Phillips Collection, National Gallery of Art (U.S.)
Other Authors: Gowing, Lawrence, Rosand, David
Format: Book
Language:English
Published: Washington, D.C. : New York : Phillips Collection in association with the National Gallery of Art ; C.N. Potter : Distributed by Crown, c1988.
Subjects:

MARC

Tag First Indicator Second Indicator Subfields
LEADER 00000cam a2200000 a 4500
001 in00000744729
005 20200901155521.0
008 880531s1988 dcua bc 00110 eng
010 |a  88018028  
020 |a 0517569795 (Potter) 
020 |a 094304412X (Phillips Collection : pbk.) 
035 |a (OCoLC)18106776 
035 |9 ADJ7407AM 
040 |a DLC  |c DLC  |d TXA 
043 |a e-it--- 
049 |a TXAM  |c [A12669728] 
050 0 |a ND1349  |b .C34 1988 
082 0 |a 760/.04436/094  |2 19 
100 1 |a Cafritz, Robert. 
245 1 0 |a Places of delight :  |b the pastoral landscape /  |c Robert C. Cafritz, Lawrence Gowing, David Rosand. 
260 |a Washington, D.C. :  |b Phillips Collection in association with the National Gallery of Art ;  |a New York :  |b C.N. Potter :  |b Distributed by Crown,  |c c1988. 
300 |a 270 p. :  |b ill. (some col.) ;  |c 24 x 31 cm. 
336 |a text  |b txt  |2 rdacontent 
337 |a unmediated  |b n  |2 rdamedia 
338 |a volume  |b nc  |2 rdacarrier 
500 |a Exhibition jointly presented by the National Gallery of Art and the Phillips Collection, Nov. 6, 1988-Jan. 22, 1989. 
504 |a Bibliography: p. 249-257. 
500 |a Includes index. 
650 0 |a Landscape painting  |x Exhibitions. 
650 0 |a Painting, Italian  |z Italy  |z Venice  |x Influence  |x Exhibitions. 
650 0 |a Painting, Renaissance  |z Italy  |z Venice  |x Influence  |x Exhibitions. 
700 1 |a Gowing, Lawrence. 
700 1 |a Rosand, David. 
710 2 |a Phillips Collection. 
710 2 |a National Gallery of Art (U.S.) 
999 f f |s 20e8ad3d-c402-3ffd-802e-d19d59c8a2d3  |i c4bca494-8219-35ef-9ead-654c1d3e4af5  |t 0 
952 f f |p normal  |a Texas A&M University  |b College Station  |c Sterling C. Evans Library  |d Evans: Library Stacks  |t 0  |e ND1349 .C34 1988  |h Library of Congress classification  |i unmediated -- volume  |m A14812669728 
998 f f |a ND1349 .C34 1988  |t 0  |l Evans: Library Stacks